Refuerzo académico en el área de matemática par alumnos de tercer ciclo del Centro Escolar Colonia Fátima, en el municipio de Cojutepeque, departamento de Cuscatlán (Registro nro. 27632)

Detalles MARC
000 -CABECERA
Longitud fija campo de control 01099nam a22002177a 4500
003 - IDENTIFICADOR DELl NÚMERO DE CONTROL
Identificador del número de control OSt
005 - FECHA Y HORA DE LA ÚLTIMA TRANSACCIÓN
Fecha y hora de la última transacción 20170502140733.0
008 - CÓDIGOS DE INFORMACIÓN DE LONGITUD FIJA
Códigos de información de longitud fija 150407b xxu||||| |||| 00| 0 eng d
040 ## - FUENTE DE LA CATALOGACIÓN
Centro transcriptor CRI
082 ## - NÚMERO DE LA CLASIFICACIÓN DECIMAL DEWEY
Númeroo de clasificación 372.7
100 ## - PUNTO DE ACCESO PRINCIPAL-NOMBRE DE PERSONA
9 (RLIN) 41159
Nombre de persona Durán de Ayala, Ilsia Raquel
245 10 - MENCIÓN DE TÍTULO
Título Refuerzo académico en el área de matemática par alumnos de tercer ciclo del centro escolar colonia Fátima, en el municipio de Cojutepeque, departamento de Cuscatlán
Resto del título : Proyecto
Mención de responsabilidad, etc. Ilsia Raquel Durán de Ayala, Mabel Eneyda Flores Rodríguez, Mirna Elizabeth Flores Escobar
260 ## - PUBLICACIÓN, DISTRIBUCIÓN, ETC. (PIE DE IMPRENTA)
Lugar de publicación, distribución, etc. Ilobasco (Cabañas)
Nombre del editor, distribuidor, etc. Universidad Católica de El Salvador
Fecha de publicación, distribución, etc. 2016
300 ## - DESCRIPCIÓN FÍSICA
Extensión 89 p.
Dimensiones 27 cm
Material anejo + 1 disco compacto
502 ## - NOTA DE TESIS
Nota de tesis Trabajo de graduación para optar al grado académico de Licenciado/a en Ciencias de la Educación Especialidad en Matemática
650 #0 - PUNTO DE ACCESO ADICIONAL DE MATERIA - TÉRMINO DE MATERIA
9 (RLIN) 7302
Término de materia o nombre geográfico como elemento inicial Matemáticas
Subdivisión de materia general Didáctica
700 ## - PUNTO DE ACCESO ADICIONAL - NOMBRE DE PERSONA
9 (RLIN) 41160
Nombre de persona Flores Rodríguez, Mabel Eneyda
700 ## - PUNTO DE ACCESO ADICIONAL - NOMBRE DE PERSONA
9 (RLIN) 41161
Nombre de persona Flores Escobar, Mirna Elizabeth
710 ## - PUNTO DE ACCESO ADICIONAL - NOMBRE DE ENTIDAD
9 (RLIN) 40915
Nombre de entidad o nombre de jurisdicción como elemento inicial Universidad Católica de El Salvador
Unidad subordinada Centro Regional de Ilobasco
942 ## - ENTRADA DE ELEMENTOS AGREGADOS (KOHA)
Fuente de clasificaión o esquema Dewey Decimal Classification
Koha [por defecto] tipo de item 4- Trabajo de Graduación
Parte de clasificación prozim
Existencias
Suprimido Perdido Fuente de clasificación o esquema Estropeado Restricciones de uso No para préstamo Código de colección Localización permanente Localización actual Localización en estanter&íacute;as Fecha adquisición Fuente de adquisición Número de inventario Préstamos totales Signatura completa Código de barras Fecha última consulta Fecha último préstamo Fecha del precio de reemplazo Tipo de item de Koha
NULL NULL Dewey Decimal Classification NULL Prestable NULL NULL Biblioteca Centro Regional de Ilobasco Biblioteca Centro Regional de Ilobasco Sala Principal 06/06/2016 CRI 000044 3 PR-000044 1041492 01/06/2019 25/05/2019 02/05/2017 4- Trabajo de Graduación